000 01151nam a2200229Ia 4500
003 Ost
005 20260416102352.0
008 260416s9999||||xx |||||||||||||| ||und||
040 _cfsecg
041 _aara
082 _a332.4044
100 _aعيسى، نجاة
_eمؤلف
245 0 _aنماذج التقييم المالي دروس وتمارين محلولة /
_c نجاة عيسى
260 _aالجزائر
_bجامعة الجزائر3: كلية العلوم الإقتصادية، العلوم التجارية وعلوم التسيير
_c2017
300 _a71 ورقة
_bايضاحات
_c30 سم
520 _aمعايير تقييم المشاريع الاستثمارية، مؤشرات قياس أداء سوق الأوراق المالية، تقييم حسب نموذج MEDAF والسوق، الرافعة المالية والتشغيلية
653 _aالاستثمار
653 _aالأوراق المالية
653 _aالسوق
710 _aجامعة الجزائر3: كلية العلوم الإقتصادية، العلوم التجارية وعلوم التسيير
_eناشر علمي
942 _cHANDOUT
999 _c41061
_d41061